[Event "Landesklasse West 2024/25"]
[Site "?"]
[Date "2025.04.27"]
[Round "8.6"]
[White "Stepper, Matthias"]
[Black "Pinnau, Hannes"]
[Result "0-1"]
[WhiteElo "1575"]
[BlackElo "1672"]
[PlyCount "49"]
[EventDate "2024.09.15"]
[EventType "team-tourn"]
[EventRounds "9"]
[WhiteTeam "VfB 1919 Vacha"]
[BlackTeam "SV Wartburgstadt Eisenach"]

{[%evp 0,49,26,26,22,-3,5,5,4,24,37,20,20,11,6,-39,-30,-42,21,5,18,7,22,16,27,35,17,21,21,31,56,-35,30,-8,43,-228,-328,-738,-823,-823,-868,-1370,-1618,-1602,-1648,-1700,-1714,-1705,-1295,-29991,-29994,-29995]} 1. d4 Nf6 2. c4 e6 3. Nc3 Bb4 4. Bd2 b6 5. a3 Bxc3 6. Bxc3 Bb7 7. f3 d5 8. cxd5 exd5 9. e3 O-O 10. Qd2 Nbd7 11. Bd3 Re8 12. Ne2 Qe7 13. Kf2 c5 14. Rae1 Nh5 15. Bb1 Ba6 16. dxc5 Nxc5 17. b4 Nb3 18. Qc2 Qxe3+ 19. Kf1 g6 20. Qxb3 Bxe2+ 21. Rxe2 Qxe2+ 22. Kg1 Qe3+ 23. Kf1 Rac8 24. Ba2 Rxc3 25. Qxc3 0-1

[Event "Landesklasse West 2024/25"]
[Site "?"]
[Date "2025.04.27"]
[Round "8.7"]
[White "Lotz, Arthur"]
[Black "Medda, Daniel"]
[Result "1-0"]
[WhiteElo "1388"]
[BlackElo "1333"]
[PlyCount "53"]
[EventDate "2024.09.15"]
[EventType "team-tourn"]
[EventRounds "9"]
[WhiteTeam "SV Wartburgstadt Eisenach"]
[BlackTeam "VfB 1919 Vacha"]

{[%evp 0,53,26,26,83,47,49,46,77,46,46,48,34,3,59,39,45,37,51,56,52,56,119,121,128,114,114,143,101,107,123,44,62,72,90,86,68,72,167,173,169,165,149,136,184,116,146,121,121,122,107,22,179,170,262,263]} 1. d4 g6 2. Nf3 Bg7 3. Bf4 e6 4. g3 d6 5. Bg2 Ne7 6. c4 Nd7 7. O-O h6 8. e4 g5 9. Be3 Ng6 10. Nc3 g4 11. Nd2 h5 12. f4 f5 13. exf5 exf5 14. Re1 O-O 15. d5 Nf6 16. Nb3 Re8 17. Bd4 Rxe1+ 18. Qxe1 Qe7 19. Qxe7 Nxe7 20. Re1 Kf7 21. Nb5 Bd7 22. Nxc7 Rc8 23. Ne6 Bxe6 24. dxe6+ Kg6 25. c5 dxc5 26. Bxc5 Rc7 27. Bd6 1-0

[Event "Landesklasse West 2024/25"]
[Site "?"]
[Date "2025.04.27"]
[Round "8.8"]
[White "Marschall, Andreas"]
[Black "Anschütz, Bernd"]
[Result "1/2-1/2"]
[WhiteElo "1536"]
[BlackElo "1678"]
[PlyCount "97"]
[EventDate "2024.09.15"]
[EventType "team-tourn"]
[EventRounds "9"]
[WhiteTeam "VfB 1919 Vacha"]
[BlackTeam "SV Wartburgstadt Eisenach"]

{[%evp 0,97,26,26,59,24,18,11,65,48,56,17,8,0,39,22,11,15,19,8,17,7,24,-22,-3,-4,-1,-5,0,-8,-21,-22,2,10,7,7,2,6,33,-16,2,-22,-46,-18,-24,-25,15,-12,43,35,25,34,99,92,97,118,89,92,95,99,98,98,98,113,113,86,89,85,107,91,75,78,78,87,72,82,85,85,96,67,95,96,82,96,96,96,117,96,89,79,66,0,0,0,112,96,110,75,138,79]} 1. d4 c5 2. c3 cxd4 3. cxd4 g6 4. Nf3 Nf6 5. e3 Bg7 6. Be2 b6 7. Nbd2 Bb7 8. b3 O-O 9. Bb2 d6 10. Rc1 Nbd7 11. Ba1 Rc8 12. O-O Rxc1 13. Qxc1 Qb8 14. Qa3 Rc8 15. Rc1 Rxc1+ 16. Qxc1 e5 17. dxe5 dxe5 18. h3 e4 19. Nh2 Qc8 20. Qb2 Ne8 21. Qb1 Bxa1 22. Qxa1 Qc2 23. Nhf1 f6 24. Bc4+ Kg7 25. Qd4 Ne5 26. Qd8 Kf8 27. Qb8 Nxc4 28. Nxc4 Ba6 29. Qxa7 Bxc4 30. bxc4 Qxc4 31. Qxb6 Qxa2 32. Qb7 f5 33. Qxh7 Qa6 34. g3 Ng7 35. Kg2 Kf7 36. g4 Qe2 37. gxf5 Qf3+ 38. Kg1 gxf5 39. Qh4 Qd1 40. Qf4 Kg6 41. Qg3+ Kf7 42. Qg5 Qf3 43. Qg3 Qd1 44. Kg2 Nh5 45. Qg5 Qf3+ 46. Kg1 Ng7 47. Qg3 Qd1 48. Kg2 Qh5 49. Nh2 1/2-1/2

[Event "Thüringenliga 2024/25"]
[Site "?"]
[Date "2025.05.11"]
[Round "9.3"]
[White "Feld-Gerdes, Wolfgang"]
[Black "Helmsdorf, Marius"]
[Result "1/2-1/2"]
[WhiteElo "2053"]
[BlackElo "2019"]
[PlyCount "115"]
[EventDate "2024.09.15"]
[EventType "team-tourn"]
[EventRounds "9"]
[WhiteTeam "SC Suhl"]
[BlackTeam "ESV Gera"]

{[%evp 0,115,19,19,41,21,33,11,11,2,2,11,2,4,-22,-12,0,-21,-32,-33,-23,-43,-53,-71,-73,-92,-88,-76,-97,-105,-104,-165,-160,-204,-187,-206,-204,-197,-204,-196,-196,-192,-182,-194,-190,-154,-169,-123,-141,-152,-27,168,213,187,178,201,214,219,216,171,208,186,207,219,219,219,219,219,216,211,192,120,109,118,125,65,78,71,63,0,53,73,68,54,69,1,0,0,-28,-2,22,2,88,6,6,6,50,-6,128,0,0,0,0,0,0,0,0,0,0,-25,0,-25,-21,-1,-39,-66,-12,-51]} 1. e4 e6 2. d4 d5 3. e5 c5 4. c3 Nc6 5. Nf3 Bd7 6. Be2 Nge7 7. O-O Nf5 8. g4 Nh4 9. Be3 Nxf3+ 10. Bxf3 Qb6 11. b3 Rc8 12. dxc5 Bxc5 13. Bxc5 Qxc5 14. Re1 O-O 15. b4 Qe7 16. Nd2 Qg5 17. Qe2 Nxe5 18. Qxe5 Qxd2 19. Re3 Rfd8 20. g5 Qb2 21. Rae1 Qxa2 22. Be2 Qa4 23. Bd3 Qc6 24. Rh3 h6 25. gxh6 f6 26. Bh7+ Kf7 27. Qh5+ Ke7 28. hxg7 e5 29. Rg3 Be6 30. g8=Q Rxg8 31. Bxg8 Rxg8 32. Qh7+ Kf8 33. Qh6+ Ke7 34. Qh7+ Kf8 35. Rxg8+ Bxg8 36. Qh6+ Ke7 37. Qg7+ Bf7 38. Re3 Qc4 39. Qg3 b6 40. f4 e4 41. f5 Qc8 42. Qh3 a5 43. bxa5 bxa5 44. Qf1 Qc5 45. Qf2 Kd7 46. Qd2 a4 47. Kg2 Kc6 48. Re1 Qc4 49. Ra1 Bh5 50. h3 Kb5 51. Rb1+ Ka5 52. Kg1 Qd3 53. Qe1 Ka6 54. Ra1 Be8 55. Rd1 Qxh3 56. Rxd5 Qg4+ 57. Kh2 Qh5+ 58. Kg1 1/2-1/2

[Event "Thüringenliga 2024/25"]
[Site "?"]
[Date "2025.05.11"]
[Round "9.4"]
[White "Puschendorf, Steffen"]
[Black "Koch, Stefan"]
[Result "1/2-1/2"]
[WhiteElo "1970"]
[BlackElo "1902"]
[PlyCount "51"]
[EventDate "2024.09.15"]
[EventType "team-tourn"]
[EventRounds "9"]
[WhiteTeam "ESV Gera"]
[BlackTeam "SC Suhl"]

{[%evp 0,51,16,16,29,-10,-10,-24,-7,-12,-6,-11,-9,-25,4,-6,7,15,19,37,18,18,27,10,20,44,34,3,-28,-17,-38,-66,-9,-23,-18,-24,-32,-52,-40,-56,17,-63,-64,-68,-60,-61,-60,-75,-90,-89,-77,-77,-86,-86]} 1. d4 Nf6 2. c4 e6 3. g3 d5 4. Nf3 dxc4 5. Bg2 c5 6. O-O Nc6 7. dxc5 Qxd1 8. Rxd1 Bxc5 9. Nbd2 c3 10. bxc3 O-O 11. Nb3 Bb6 12. Ba3 Re8 13. Nbd4 Ne4 14. e3 Nxc3 15. Rd3 Nd5 16. Nxc6 bxc6 17. Ne5 Ba6 18. Rd2 Ba5 19. Rc2 Rac8 20. e4 Bc3 21. Bb2 Bxb2 22. Rxb2 Nb6 23. Rc2 c5 24. Bf1 Bxf1 25. Kxf1 f6 26. Nc4 1/2-1/2

[Event "Thüringenliga 2024/25"]
[Site "?"]
[Date "2025.05.11"]
[Round "9.5"]
[White "Trautmann, Johannes"]
[Black "Kirschner, Torsten"]
[Result "1-0"]
[WhiteElo "1818"]
[BlackElo "1743"]
[PlyCount "71"]
[EventDate "2024.09.15"]
[EventType "team-tourn"]
[EventRounds "9"]
[WhiteTeam "SC Suhl"]
[BlackTeam "ESV Gera"]

{[%evp 0,71,16,-10,-10,-10,45,44,41,5,17,17,34,25,51,43,37,6,8,0,26,17,30,33,60,56,84,1,6,23,12,20,57,57,71,88,122,132,160,160,194,151,161,162,255,251,369,351,366,350,517,588,588,644,655,677,646,520,545,564,794,592,589,548,556,586,742,673,673,470,483,487,745,529]} 1. c4 Nf6 2. d4 g6 3. Nc3 Bg7 4. g3 O-O 5. Bg2 d6 6. Nf3 c6 7. O-O Bf5 8. Nh4 Be6 9. Qd3 Qc8 10. Re1 Na6 11. a3 Nc7 12. e4 Bh3 13. Bh1 c5 14. d5 Nd7 15. f4 Ne8 16. Nf3 Ndf6 17. Bg2 Bxg2 18. Kxg2 h6 19. e5 Nd7 20. e6 fxe6 21. Rxe6 Rf6 22. Rxe7 Kf8 23. Re2 Nb6 24. Nh4 g5 25. fxg5 hxg5 26. Bxg5 Qg4 27. Bxf6 Nxf6 28. b3 Nbd7 29. Rf1 Ne5 30. Qf5 Kg8 31. Qxg4 Nfxg4 32. Ne4 Re8 33. h3 Nh6 34. Nf5 Nxf5 35. Rxf5 b5 36. cxb5 1-0

[Event "Thüringenliga 2024/25"]
[Site "?"]
[Date "2025.05.11"]
[Round "9.6"]
[White "Hanmuradov, Ülwi"]
[Black "Ansorg, Nico"]
[Result "1-0"]
[WhiteElo "1794"]
[BlackElo "1801"]
[PlyCount "83"]
[EventDate "2024.09.15"]
[EventType "team-tourn"]
[EventRounds "9"]
[WhiteTeam "ESV Gera"]
[BlackTeam "SC Suhl"]

{[%evp 0,83,16,16,23,-10,26,23,23,12,67,-8,2,-19,13,11,8,3,-6,-11,-17,-1,1,-1,-5,-11,13,-21,-9,-30,-26,-41,-13,-21,-9,-14,-15,16,35,9,10,20,24,24,33,27,161,157,254,247,337,396,418,418,442,448,404,206,349,358,358,365,372,372,375,361,375,376,387,357,493,369,617,628,642,717,833,588,737,698,830,903,943,1057,1552,1138]} 1. d4 d5 2. c4 c6 3. Nf3 Nf6 4. Nc3 Nbd7 5. Bg5 dxc4 6. a4 Nd5 7. e4 Nxc3 8. bxc3 Qa5 9. Bd2 Nb6 10. Be2 g6 11. O-O Bg7 12. h3 O-O 13. Qc2 Be6 14. Ng5 Bd7 15. Qa2 h6 16. Nf3 Be6 17. Rfb1 Rfd8 18. Qa3 Kf8 19. Rb4 Rab8 20. Bf4 Rbc8 21. Ne5 Bxe5 22. Bxe5 f6 23. Bxf6 c5 24. Rb5 Qxa4 25. Qb2 exf6 26. Rxa4 Nxa4 27. Qa3 b6 28. Bd1 Bd7 29. Bxa4 Bxb5 30. Bxb5 Rc7 31. Bxc4 Kg7 32. d5 Kf8 33. Qc1 Kg7 34. Qf4 Rcd7 35. Qg4 Kh7 36. Qe6 Kg7 37. Bb5 Rf7 38. f4 h5 39. e5 Rdf8 40. d6 fxe5 41. fxe5 Rd8 42. Bd3 1-0

[Event "Thüringenliga 2024/25"]
[Site "?"]
[Date "2025.05.11"]
[Round "9.8"]
[White "Schulter, Moritz"]
[Black "Will, Ralph"]
[Result "1-0"]
[WhiteElo "1578"]
[BlackElo "1735"]
[PlyCount "79"]
[EventDate "2024.09.15"]
[EventType "team-tourn"]
[EventRounds "9"]
[WhiteTeam "ESV Gera"]
[BlackTeam "SC Suhl"]

{[%evp 0,79,16,-10,-7,-12,82,12,-2,9,13,5,71,25,63,4,31,33,38,44,21,-58,-58,-58,-47,-37,-60,-86,-109,-178,-178,-175,-163,-201,-149,-191,-195,-181,-86,-88,-83,-106,-30,-100,-41,-51,22,31,62,62,133,118,125,81,142,125,149,163,173,164,182,185,244,182,248,192,266,189,291,117,183,145,324,344,349,349,447,531,607,613,683,453]} 1. c4 e5 2. Nc3 g6 3. g3 Bg7 4. Bg2 Ne7 5. Nf3 c6 6. O-O O-O 7. e3 Na6 8. d4 exd4 9. exd4 Nc7 10. b4 d5 11. c5 a5 12. Na4 Bg4 13. Nb6 Ra7 14. a4 Ne6 15. Be3 Nf5 16. b5 Nfxd4 17. Rb1 Nxf3+ 18. Bxf3 Bxf3 19. Qxf3 d4 20. Bc1 Nxc5 21. bxc6 bxc6 22. Ba3 Ne6 23. Bxf8 Bxf8 24. Qxc6 Qg5 25. Qe4 Qd8 26. Rfd1 Bg7 27. Rdc1 Rc7 28. Rxc7 Nxc7 29. Qe1 Qg5 30. Nc4 Qf5 31. Nxa5 d3 32. Nc4 Qc5 33. Ne3 Bc3 34. Qd1 Qd4 35. Qb3 Bd2 36. Nc4 Bg5 37. Rd1 d2 38. Qb8+ Bd8 39. Rxd2 Qxc4 40. Qxd8+ 1-0

[Event "Thüringenliga 2024/25"]
[Site "?"]
[Date "2025.05.11"]
[Round "9.1"]
[White "Aniol, Adrian"]
[Black "Franke, Luca"]
[Result "1/2-1/2"]
[WhiteElo "1950"]
[BlackElo "2035"]
[PlyCount "67"]
[EventDate "2024.09.15"]
[EventType "team-tourn"]
[EventRounds "9"]
[WhiteTeam "VfL 1990 Gera"]
[BlackTeam "SV 1861 Liebschwitz"]

{[%evp 0,67,16,2,52,51,50,28,22,12,41,24,54,54,43,-9,-9,8,21,-2,-3,8,1,-1,20,13,19,-18,6,16,17,17,7,9,-12,9,9,-9,-38,-51,-36,-32,-23,-25,-29,-25,-36,-41,6,6,13,13,86,2,2,-62,-28,-14,-14,-62,-48,-48,-48,-60,-75,-44,-47,-43,9,7]} 1. e4 c5 2. Nf3 Nc6 3. d4 cxd4 4. Nxd4 Nf6 5. Nc3 e5 6. Ndb5 d6 7. Bg5 a6 8. Na3 b5 9. Nd5 Be7 10. Bxf6 Bxf6 11. c3 Bg5 12. Nc2 O-O 13. Nce3 Bxe3 14. Nxe3 Ne7 15. Be2 Bb7 16. Bf3 d5 17. exd5 Qd6 18. Qb3 f5 19. c4 e4 20. Be2 f4 21. Nc2 f3 22. gxf3 exf3 23. Bf1 Qe5+ 24. Ne3 Nf5 25. O-O-O Rac8 26. Kb1 Nxe3 27. fxe3 bxc4 28. Bxc4 Kh8 29. Qd3 Rce8 30. Rhf1 Bc8 31. e4 Qxe4 32. Qxe4 Rxe4 33. b3 g5 34. d6 1/2-1/2

[Event "Thüringenliga 2024/25"]
[Site "?"]
[Date "2025.05.11"]
[Round "9.2"]
[White "Hermannsdörfer, Frank"]
[Black "Seidens, Gunter"]
[Result "1-0"]
[WhiteElo "2091"]
[BlackElo "1929"]
[PlyCount "73"]
[EventDate "2024.09.15"]
[EventType "team-tourn"]
[EventRounds "9"]
[WhiteTeam "SV 1861 Liebschwitz"]
[BlackTeam "VfL 1990 Gera"]

{[%evp 0,73,16,-16,37,13,25,9,25,21,24,13,11,24,54,23,23,26,61,54,77,81,66,93,100,59,43,84,72,72,105,113,103,93,238,247,241,126,124,113,114,124,98,126,130,133,158,156,166,166,152,152,181,178,199,208,201,200,200,213,376,368,532,434,554,559,633,559,802,318,394,374,410,431,611,618]} 1. b3 d6 2. Bb2 Nd7 3. e4 Ngf6 4. Nc3 Nc5 5. Qe2 e5 6. O-O-O a5 7. d4 exd4 8. Rxd4 Qe7 9. Nf3 g6 10. e5 Bh6+ 11. Kb1 dxe5 12. Qxe5 Qxe5 13. Nxe5 O-O 14. Bc4 Ne6 15. Rdd1 Bg7 16. Rhe1 Rd8 17. Rxd8+ Nxd8 18. Nb5 c6 19. Nd6 Be6 20. Bxe6 fxe6 21. a4 b6 22. Rd1 Nd5 23. c4 Nb4 24. Ne8 Bxe5 25. Bxe5 Nf7 26. Nf6+ Kf8 27. Nxh7+ Ke7 28. Bf6+ Ke8 29. Ng5 b5 30. Nxe6 Ra7 31. cxb5 cxb5 32. axb5 Nh6 33. Ng5 Ra8 34. Be5 Ng4 35. Bg3 Ra7 36. Rd6 Ke7 37. Re6+ 1-0

[Event "Thüringenliga 2024/25"]
[Site "?"]
[Date "2025.05.11"]
[Round "9.3"]
[White "Huster, Mike"]
[Black "Kitzig, Tobias"]
[Result "1/2-1/2"]
[WhiteElo "1932"]
[BlackElo "1868"]
[PlyCount "44"]
[EventDate "2024.09.15"]
[EventType "team-tourn"]
[EventRounds "9"]
[WhiteTeam "VfL 1990 Gera"]
[BlackTeam "SV 1861 Liebschwitz"]

{[%evp 0,44,16,16,30,30,30,22,26,8,24,5,6,-12,34,-17,-9,-38,-13,-17,-18,-29,-16,-13,-2,-4,2,-14,-13,-1,-6,-11,15,-44,-68,-77,-92,-115,-34,-12,0,-75,-60,-83,-79,-69,-66]} 1. d4 Nf6 2. Nf3 e6 3. g3 d5 4. Bg2 h6 5. c4 Bd6 6. Nbd2 Nbd7 7. Qc2 b6 8. cxd5 exd5 9. O-O O-O 10. Re1 Bb7 11. Nh4 Re8 12. Nf5 Bf8 13. Nf3 Ne4 14. Bf4 c5 15. Bh3 Ndf6 16. g4 g5 17. Be3 Bc8 18. Ne5 Nd7 19. f3 Nd6 20. Nxd7 Bxd7 21. Nxd6 Bxd6 22. dxc5 Qc7 1/2-1/2

[Event "Thüringenliga 2024/25"]
[Site "?"]
[Date "2025.05.11"]
[Round "9.4"]
[White "Zeidler, Andreas"]
[Black "Aniol, Nico"]
[Result "1/2-1/2"]
[WhiteElo "1996"]
[BlackElo "1949"]
[PlyCount "53"]
[EventDate "2024.09.15"]
[EventType "team-tourn"]
[EventRounds "9"]
[WhiteTeam "SV 1861 Liebschwitz"]
[BlackTeam "VfL 1990 Gera"]

{[%evp 0,53,16,16,16,-14,3,-7,10,10,14,14,17,25,11,-9,26,23,23,21,24,17,-5,-8,-12,-19,22,-61,-50,-49,-49,-49,-7,2,-15,-23,4,-2,-11,-8,-14,-7,-7,-35,-41,-45,-40,-37,-28,-28,-38,-27,-49,-95,-45,-37]} 1. d4 d5 2. c4 e6 3. Nf3 Nf6 4. e3 c5 5. Nc3 Nc6 6. Bd3 Bd6 7. cxd5 exd5 8. dxc5 Bxc5 9. O-O O-O 10. a3 Bg4 11. b4 Bd6 12. Be2 Qd7 13. Nd4 Nxd4 14. Qxd4 Bxe2 15. Nxe2 Ng4 16. f4 Be7 17. Qd3 Rad8 18. Nd4 Rfe8 19. h3 Nf6 20. Bb2 Ne4 21. Rac1 Bf6 22. Ba1 Nd6 23. Rfe1 h6 24. Nf3 Bxa1 25. Rxa1 Nc4 26. a4 Qe7 27. Rab1 1/2-1/2

[Event "Thüringenliga 2024/25"]
[Site "?"]
[Date "2025.05.11"]
[Round "9.5"]
[White "Schönfeld, Volker"]
[Black "Biel, Maik"]
[Result "1/2-1/2"]
[WhiteElo "1853"]
[BlackElo "1959"]
[PlyCount "23"]
[EventDate "2024.09.15"]
[EventType "team-tourn"]
[EventRounds "9"]
[WhiteTeam "VfL 1990 Gera"]
[BlackTeam "SV 1861 Liebschwitz"]

{[%evp 0,23,16,-10,-10,-10,22,8,44,-26,16,32,29,33,31,40,62,45,58,23,40,22,46,46,38,18]} 1. c4 Nf6 2. Nc3 d5 3. cxd5 Nxd5 4. g3 g6 5. Bg2 Nxc3 6. bxc3 c5 7. Rb1 Qc7 8. Qa4+ Nd7 9. Nf3 Bg7 10. O-O O-O 11. d3 Nb6 12. Qh4 1/2-1/2

[Event "Thüringenliga 2024/25"]
[Site "?"]
[Date "2025.05.11"]
[Round "9.6"]
[White "Meissner, Steffen"]
[Black "Drechsel, Uwe"]
[Result "1/2-1/2"]
[WhiteElo "1790"]
[BlackElo "1843"]
[PlyCount "40"]
[EventDate "2024.09.15"]
[EventType "team-tourn"]
[EventRounds "9"]
[WhiteTeam "SV 1861 Liebschwitz"]
[BlackTeam "VfL 1990 Gera"]

{[%evp 0,40,16,18,30,2,4,-48,32,27,24,7,4,6,3,-2,0,0,7,-21,-15,-3,-3,-21,-16,-35,-13,-33,-49,-44,-14,-29,36,-15,4,7,163,168,242,124,140,100,100]} 1. e4 e6 2. d3 d5 3. Nd2 c5 4. Ngf3 Nc6 5. g3 Nf6 6. Bg2 Be7 7. O-O O-O 8. Re1 Nd7 9. Nf1 d4 10. e5 Qc7 11. Qe2 b5 12. h4 Ba6 13. N1h2 Rac8 14. Bf4 Rfe8 15. Ng4 Nf8 16. Ng5 Ng6 17. Bd2 Nd8 18. h5 Nxe5 19. Nxe5 Bxg5 20. Bxg5 f6 1/2-1/2

[Event "Thüringenliga 2024/25"]
[Site "?"]
[Date "2025.05.11"]
[Round "9.7"]
[White "Walther, Thomas"]
[Black "Nurka, Mario"]
[Result "0-1"]
[WhiteElo "1769"]
[BlackElo "1647"]
[PlyCount "76"]
[EventDate "2024.09.15"]
[EventType "team-tourn"]
[EventRounds "9"]
[WhiteTeam "VfL 1990 Gera"]
[BlackTeam "SV 1861 Liebschwitz"]

{[%evp 0,76,18,18,18,24,24,24,20,22,19,-14,21,0,9,-24,-7,-10,-23,-42,-4,-21,-7,-3,-6,-11,5,7,25,-26,4,-2,48,18,24,-107,-95,-99,-84,-67,-67,-67,-46,-41,100,117,117,22,0,0,0,0,71,71,82,94,175,248,266,266,284,298,271,268,279,204,250,292,478,254,251,130,251,-165,-181,-155,-207,-207,-218]} 1. e4 e5 2. Nf3 Nc6 3. Bc4 Nf6 4. d3 h6 5. c3 Bc5 6. h3 a6 7. Bb3 d6 8. Nbd2 O-O 9. Nf1 Bb6 10. Ng3 Na5 11. Bc2 Be6 12. O-O Nc6 13. d4 Bd7 14. Re1 Re8 15. Be3 Nh7 16. Qd2 exd4 17. cxd4 Ba5 18. Qe2 Bxe1 19. Rxe1 Nf8 20. Qd2 a5 21. Nh5 Ng6 22. Bxh6 Nh4 23. Bxg7 Nxf3+ 24. gxf3 Re6 25. e5 Nxd4 26. Qxd4 Qg5+ 27. Qg4 Rg6 28. Nf6+ Kxg7 29. Nxd7 Qd2 30. Bxg6 Qxe1+ 31. Kg2 fxg6 32. Qe6 Qd2 33. Qe7+ Kh6 34. Qh4+ Kg7 35. Qf6+ Kh6 36. e6 Qg5+ 37. Kh2 Qxf6 38. Nxf6 Kg5 0-1

[Event "Thüringenliga 2024/25"]
[Site "?"]
[Date "2025.05.11"]
[Round "9.8"]
[White "Reiher, Klaus"]
[Black "Fijalkowski, Jürgen"]
[Result "1/2-1/2"]
[WhiteElo "1685"]
[BlackElo "1782"]
[PlyCount "44"]
[EventDate "2024.09.15"]
[EventType "team-tourn"]
[EventRounds "9"]
[WhiteTeam "SV 1861 Liebschwitz"]
[BlackTeam "VfL 1990 Gera"]

{[%evp 0,44,24,16,30,23,25,18,44,33,57,41,68,64,50,45,45,58,55,58,55,43,42,48,48,45,55,40,89,73,111,65,123,105,108,65,71,56,62,53,62,66,67,49,55,35,42]} 1. d4 d5 2. Bf4 Nf6 3. Nf3 c6 4. e3 Bg4 5. h3 Bf5 6. Bd3 Bxd3 7. Qxd3 e6 8. O-O Nbd7 9. Nbd2 Nb6 10. c4 dxc4 11. Nxc4 Nxc4 12. Qxc4 Qb6 13. Ne5 Nd5 14. Bg3 Qb4 15. Qe2 Nf6 16. Rfc1 Be7 17. Rc4 Qa5 18. Qc2 O-O 19. a3 Qd8 20. Rc1 Nd7 21. Nxd7 Qxd7 22. b4 Bd6 1/2-1/2

[Event "Thüringenliga 2024/25"]
[Site "?"]
[Date "2025.05.11"]
[Round "9.1"]
[White "Zipfel, Frank"]
[Black "Vetter, Udo"]
[Result "1/2-1/2"]
[WhiteElo "2008"]
[BlackElo "1519"]
[PlyCount "24"]
[EventDate "2024.09.15"]
[EventType "team-tourn"]
[EventRounds "9"]
[WhiteTeam "fuß brothers Jena"]
[BlackTeam "ESV Lok Sömmerda"]

{[%evp 0,24,29,17,59,59,41,21,31,19,102,61,49,11,23,19,27,13,19,0,2,-10,31,7,7,20,33]} 1. e4 c5 2. Nf3 Nc6 3. d4 cxd4 4. Nxd4 g6 5. Be2 Bg7 6. Nb3 d6 7. O-O Nf6 8. Nc3 O-O 9. Re1 a6 10. a4 e5 11. Bf1 Be6 12. Nd5 Rc8 1/2-1/2

[Event "Thüringenliga 2024/25"]
[Site "?"]
[Date "2025.05.11"]
[Round "9.4"]
[White "Siegemund, Joachim"]
[Black "Wolf, Jonas"]
[Result "1/2-1/2"]
[WhiteElo "1919"]
[BlackElo "1885"]
[PlyCount "25"]
[EventDate "2024.09.15"]
[EventType "team-tourn"]
[EventRounds "9"]
[WhiteTeam "ESV Lok Sömmerda"]
[BlackTeam "fuß brothers Jena"]

{[%evp 0,25,22,17,51,29,36,32,26,15,40,34,34,-12,21,-36,-11,-13,7,5,23,3,25,-8,29,12,25,12]} 1. e4 e6 2. d4 d5 3. exd5 exd5 4. Bd3 Bd6 5. Nf3 Nc6 6. c3 Nge7 7. Bg5 f6 8. Bh4 Bg4 9. Bg3 Qd7 10. Bxd6 Qxd6 11. Nbd2 O-O-O 12. h3 Bh5 13. Qc2 1/2-1/2

[Event "Thüringenliga 2024/25"]
[Site "?"]
[Date "2025.05.11"]
[Round "9.6"]
[White "Weber, Jakob"]
[Black "Latka, Robert"]
[Result "1/2-1/2"]
[WhiteElo "1564"]
[BlackElo "1890"]
[PlyCount "26"]
[EventDate "2024.09.15"]
[EventType "team-tourn"]
[EventRounds "9"]
[WhiteTeam "ESV Lok Sömmerda"]
[BlackTeam "fuß brothers Jena"]

1. d4 Nf6 2. Bf4 g6 3. Nc3 d5 4. Qd2 Bg7 5. O-O-O O-O 6. f3 e6 7. Bh6 c5 8. Bxg7 Kxg7 9. g4 cxd4 10. Qxd4 Nc6 11. Qd2 d4 12. Nb5 e5 13. e3 a6 1/2-1/2

[Event "Thüringenliga 2024/25"]
[Site "?"]
[Date "2025.05.11"]
[Round "9.8"]
[White "Kühn, Helmut"]
[Black "Richter, Jan"]
[Result "1/2-1/2"]
[WhiteElo "1468"]
[BlackElo "1882"]
[PlyCount "25"]
[EventDate "2024.09.15"]
[EventType "team-tourn"]
[EventRounds "9"]
[WhiteTeam "ESV Lok Sömmerda"]
[BlackTeam "fuß brothers Jena"]

1. d4 Nf6 2. c4 c5 3. e3 g6 4. Nf3 Bg7 5. Be2 cxd4 6. Nxd4 O-O 7. O-O Nc6 8. a3 d5 9. b3 Nxd4 10. exd4 Be6 11. c5 b6 12. b4 a5 13. Bb2 1/2-1/2

[Event "Thüringenliga 2024/25"]
[Site "?"]
[Date "2025.05.11"]
[Round "9.1"]
[White "Kölsch, Maximilian"]
[Black "Carnot, Luca"]
[Result "1-0"]
[WhiteElo "2140"]
[BlackElo "2050"]
[PlyCount "109"]
[EventDate "2024.09.15"]
[EventType "team-tourn"]
[EventRounds "9"]
[WhiteTeam "SV Schott Jena"]
[BlackTeam "TSG Apolda"]

1. Nf3 d5 2. c4 d4 3. e3 Nc6 4. b4 dxe3 5. fxe3 Nxb4 6. Qa4+ Nc6 7. Bb2 Bd7 8. Qc2 Nf6 9. Nc3 g6 10. Nd5 Bg7 11. e4 O-O 12. Be2 Bg4 13. O-O-O e6 14. Ne3 Bxf3 15. gxf3 Nd4 16. Qd3 Nh5 17. Ng2 Qd6 18. Bxd4 Bxd4 19. f4 Rad8 20. Rhf1 Ng7 21. Qb3 Qc5 22. Rf3 Rd6 23. Qb5 Rfd8 24. Qxc5 Bxc5 25. Kc2 Ra6 26. Kb1 Rad6 27. Kc2 Bd4 28. Rb1 Rb6 29. Rxb6 Bxb6 30. Ne1 Bd4 31. Rb3 b6 32. Nd3 Ne8 33. Nb4 a5 34. Nc6 Rd6 35. Na7 Bc5 36. Nb5 Rd7 37. Bf3 Nd6 38. Rd3 Re7 39. Na7 Re8 40. e5 Nf5 41. Nb5 Re7 42. Rd8+ Kg7 43. d4 Bb4 44. Kd3 Be1 45. Rc8 Bf2 46. d5 exd5 47. cxd5 f6 48. Rxc7 Rxc7 49. Nxc7 fxe5 50. fxe5 Kf7 51. d6 Bc5 52. Bd5+ Kf8 53. Ne6+ Ke8 54. Nxc5 bxc5 55. Kc4 1-0

[Event "Thüringenliga 2024/25"]
[Site "?"]
[Date "2025.05.11"]
[Round "9.2"]
[White "Machelett, Heiko"]
[Black "Junge, Mattheo Gabriel"]
[Result "1/2-1/2"]
[WhiteElo "2284"]
[BlackElo "1842"]
[PlyCount "77"]
[EventDate "2024.09.15"]
[EventType "team-tourn"]
[EventRounds "9"]
[WhiteTeam "TSG Apolda"]
[BlackTeam "SV Schott Jena"]

1. g3 Nf6 2. Bg2 g6 3. d4 Bg7 4. e4 d6 5. Ne2 O-O 6. Nbc3 c6 7. a4 e5 8. h3 Re8 9. Be3 Na6 10. O-O Nc7 11. Qd2 Be6 12. Rad1 Qe7 13. b3 Qf8 14. f4 Rad8 15. Qe1 Bc8 16. Qf2 exf4 17. Bxf4 Na6 18. Bg5 Nd7 19. Kh2 f6 20. Bc1 Kh8 21. Ba3 Nb6 22. a5 Na8 23. Nb1 Qg8 24. g4 N8c7 25. Nf4 Ne6 26. Nxe6 Rxe6 27. c4 Nb8 28. d5 cxd5 29. cxd5 Re7 30. Qxa7 f5 31. exf5 gxf5 32. Rde1 Rxe1 33. Rxe1 fxg4 34. Qxb8 gxh3 35. Bxd6 hxg2 36. Be5 Qf7 37. Bxg7+ Qxg7 38. Qf4 Rf8 39. Qh4 1/2-1/2